ბათუმის შოთა რუსთაველის სახელმწიფო უნივერსიტეტის ბიბლიოთეკა

Краткая географическая энциклопедия.=Энциклопедии,словари,справочники.Т.1. Ааре-Дятьково. (ბიბ.ჩანაწერი № 37240)

000 -LEADER
fixed length control field 00701nam a2200193Ia 4500
001 - CONTROL NUMBER
control field 3199
003 - CONTROL NUMBER IDENTIFIER
control field GE_BSU
008 - FIXED-LENGTH DATA ELEMENTS--GENERAL INFORMATION
fixed length control field 181216s||||||||xx |||||||||||||| ||und||
040 ## - CATALOGING SOURCE
Transcribing agency GE_BSU
080 ## - UNIVERSAL DECIMAL CLASSIFICATION NUMBER
Universal Decimal Classification number 91(030)=161.1
245 ## - TITLE STATEMENT
Title Краткая географическая энциклопедия.=Энциклопедии,словари,справочники.Т.1. Ааре-Дятьково.
245 ## - TITLE STATEMENT
Statement of responsibility, etc. Гл.РЕд. А.А.Григорьев.
260 ## - PUBLICATION, DISTRIBUTION, ETC.
Place of publication, distribution, etc. М.
260 ## - PUBLICATION, DISTRIBUTION, ETC.
Name of publisher, distributor, etc. Советская энциклопедия.
260 ## - PUBLICATION, DISTRIBUTION, ETC.
Date of publication, distribution, etc. 1960.
300 ## - PHYSICAL DESCRIPTION
Extent 562 стр. с илл. и карт. 26см
653 ## - INDEX TERM--UNCONTROLLED
Uncontrolled term Краткая географическая энциклопедия.
942 ## - ADDED ENTRY ELEMENTS (KOHA)
Koha item type წიგნი
ეგზემპლარები
Withdrawn status Lost status Damaged status Not for loan Date acquired Barcode Date last seen Price effective from Koha item type
        2018-12-17 8430 2018-12-17 2018-12-17 წიგნი